MDQL
is popping MORE tags! Check the
thread
!
Quizzes
Events
Quiz Creation
Community
Videos
Private Events
Remove Ads
Sign In
Join for FREE
Feedback
Dark Mode
Quiz Categories
Sports
Geography
Music
Movies
Television
Just For Fun
Miscellaneous
History
Literature
Language
Science
Gaming
Entertainment
Religion
Holiday
For Kids
Quiz Lab
Recent
Popular Today
Quiz Kudos Today
Editor Picks
Curator Picks
Quizzes by...
Day
Popularity
Type
Ratings
Length
Year
Community
Subscriptions
Recent Discussions
Orange Saloon
Badges
Playlists
Quests
Create
Leaderboards
Showdown
Live 5
Trivia Bingo
Activity
Puzzle Library
Sporcle Events
Private Events
Virtual Trivia
Globe League
Become a Host
Pub Owners
SporcleCon
Opinionation
Our Games
Videos
Blog
Mobile Apps
Partnerships
Remove Ads and Go Orange
Feedback
Entertainment
Celebrity
Famous
Musical
Broadway
Show
Quote
Comic Books
Anime
Superhero
DC Comics
Marvel
Cartoons
Animation
Entertainment
Celebrity
Famous
Musical
Broadway
Show
Quote
Comic Books
Anime
Superhero
DC Comics
Marvel
Cartoons
Animation
Random Quiz
Search Sporcle
×
Quiz Lab
Quiz Lab
Entertainment
Cartoons
Type answers based on single images at one time
Type answers based on single images at one time
Slideshow
Best Score? Go Orange.
Minor Looney Tunes Stats
Can you name these unsung looney tunes characters?
16m
50 Questions
51 Plays
51 Plays
51 Plays
Comments
Comments
Give Quiz Kudos
Give Quiz Kudos
-
- Ratings
hide this ad
Replay
Link that replays current quiz
Next Quiz
Link to next quiz in quiz playlist
You Got
0%
They Got
Avg Score
34%
Avg Friend Score
Upgrade to see
Score Distribution
Jump to the score distribution portion of the page
Score
0/50
Timer
16:00
0
Plays Today
% Correct
Taz
82.4%
Marvin the Martian
80.4%
Granny
68.6%
Three bears
66.7%
Hubie and Bertie
64.7%
Michigan j frog
60.8%
Witch hazel
60.8%
Sylvester jr
58.8%
Sam Sheepdog
51%
Bosko
49%
Claude cat
43.1%
Beaky buzzard
43.1%
Hippety hopper
41.2%
Miss prissy
41.2%
Buddy
39.2%
Barnyard dawg
39.2%
Marc Anthony and pussyfoot
37.3%
Rocky and mugsy
37.3%
Charlie dog
35.3%
Pete puma
35.3%
Cecil Turtle
33.3%
Crusher
33.3%
Private snafu
31.4%
Gossamer
31.4%
Cool cat
31.4%
% Correct
Slowpoke Rodriguez
29.4%
Sniffles
29.4%
Playboy penguin
27.5%
Spike and Chester
25.5%
The honeymousers
25.5%
Henery hawk
23.5%
Ralph Phillips
23.5%
Giovanni Jones
23.5%
Gabby Goat
23.5%
Foxy
23.5%
Owl Jolson
23.5%
Beans
21.6%
Nasty Canasta
21.6%
Ralph Wolf
21.6%
Bunny and Claude
21.6%
Frisky puppy
21.6%
Babbit and Catstello
19.6%
Inki
19.6%
Colonel Shuffle
19.6%
Goofy Gophers
17.6%
Baby face finster
17.6%
Seaman hook
15.7%
Merlin the Magic Mouse
13.7%
Blacque Jacque Shellacque
11.8%
Egghead
5.9%
Quiz Playlist
Details
Report
Send in Message
Add To Playlist
Slideshow:
Type answers based on single images at one time
Last Updated: Apr 21, 2017
Quiz Scoreboard
CHALLENGE
Sign Up to Join the Scoreboard
Show All
Scores
Hide
Comments
May contain spoilers
Recently Published
Street Fighter Characters
by Artimus82
Gaming
60s
9x9 Crossword: Cartoon Network
by jackfrog10
Miscellaneous
3m
College Basketball Coaching Resumes
by pancakes188
Sports
9m
More to Explore
Quiz From the Vault
Featured Blog Post
Where Did the Easter Bunny Come From?
hide this ad
You Might Also Like...
Tags
Cartoons Quiz
Cartoon Characters
Cartoons Shorts
Looney Tunes
minor
Minor Characters
Warner Bros.
Today's Top Quizzes in Entertainment
Browse Entertainment
hide this ad
Today's Top Quizzes in Cartoons
Browse Cartoons
Top Contributed Quizzes in Entertainment
1
7-to-1: DC Comics Villains
2
Marvel Characters Bunker
3
Eurovision 2023 Logic Puzzle
4
Dragon Ball Z: Goku's Fights in Order
5
Sorting Pictures: Villains
6
Criteria Quickie: Cartoon Taxonomy II
7
7-to-1: One Piece
8
Mini Trivia Sudoku: Musicals
9
Fictional Villains Letter U Blitz
10
Kamen Rider Motifs
Explore More
Trending Topics
Harry Potter
Kpop
Crossword
Disney
NBA
Anime
Marvel
Soccer
Country
The Office
Pokémon
WWE
NFL
Song
Puzzle
hide this ad
Score Distribution
Popular Quizzes Today
1
Find the US States - No Outlines Minefield
2
Find the Countries of Europe - No Outlines Minefield
3
The Countries of the World
4
Find the US States
5
Risky Map Clicking: Biggest States A-Z
6
US States
7
Popular People in 1961
8
Movies - When Are They Set?
More Entertainment Quizzes
Click the White Characters A-Z
Quiz Lab
Trending Quizzes
Risky Map Clicking: Least Populous States A-Z
Countries of the World: 200 Million BC
Billboard Blitz: Aretha Franklin
1-10 Letter G Words
Famous Russians: Author or Composer?
Recently Updated
Leaping Animals
pecheneg
Reality TV Shows (A-Z)
bhenderson79
Rickey Henderson's Hall of Fame Teammates
pecheneg
Champions League XIs: Arsenal
pecheneg
Quick Pick: Celebrities in WWE's Hall of Fame
aduchscher
A-Z Keypad Blitz II
pecheneg
Multiple Oscar Actors
pecheneg
Mystery Phrase Blitz: Oscar 'Best Actors'
pecheneg
F. Scott Fitzgerald Novels
LTH
Pick 3 Villains
ddd62291
Trending Topics
Harry Potter
Crossword
Anime
NBA
Marvel
Disney
Kpop
NFL
Puzzle
Song
Pokémon
Country
The Office
WWE
Soccer
Your Account Isn't Verified!
In order to create a playlist on Sporcle, you need to verify the email address you used during registration. Go to your
Sporcle Settings
to finish the process.
Report this User
Report this user for behavior that violates our
Community Guidelines
.
Details:
Send Report
Go to the Sporcle.com Mobile Site →
Comments